| 000 | 00629nam a2200241 a 4500 | ||
|---|---|---|---|
| 999 |
_c8312 _d8312 |
||
| 001 | 8312 | ||
| 003 | BD - JhCC | ||
| 005 | 20180621131101.0 | ||
| 008 | 881123s1988 enkabch 000 0 eng d | ||
| 035 | _a(BD-JhCC)8312 | ||
| 040 |
_aBD-JhCC _dBD-JhCC |
||
| 041 | _aeng | ||
| 050 | 0 | _aHF1025 | |
| 082 |
_a330.9/048 _219 _bTHA 1988 |
||
| 100 | 1 | _aThatcher, W. S. | |
| 245 | 1 | 0 |
_aEconomic geography / _cW. S. Thatcher |
| 260 |
_aKingston upon Hull : _bReal, _c1988 |
||
| 300 |
_a76 p. : _bill.,maps, facsims.,ports. ; _c30 cm |
||
| 504 | _aIncludes index | ||
| 650 | 0 | _aEconomic geography | |
| 942 |
_2ddc _cBK |
||